000
00236nam a2200097Ia 4500
001
702587
005
20250826162335.0
008
250824s9999 xx 000 0 und d
245
0
_a
İMPARATOR ÇAY BAHÇESİ
_c
NAZLI ERAY
260
_b
EVEREST
999
_c
702587
_d
702587